| 000 | 00711nam a2200193 4500 | ||
|---|---|---|---|
| 001 | 148021 | ||
| 003 | ES-MaACL | ||
| 005 | 20230906202403.0 | ||
| 007 | t| | ||
| 008 | 070214s1948 it r ||||1| ita d | ||
| 100 | 1 |
_aSticotti, Piero. _9108200 |
|
| 245 | 1 | 3 |
_aIl triestino Giulio Ascanio Canal ed I fratelli bandiera / _cPiero Sticotti. |
| 260 |
_aTrieste : _bUfficio Stampa e Propaganda Della Lega Nazionale, _c1948 ( _fStabilimento Tip. Nazionale) |
||
| 300 |
_a15 p. : _bil. = retr. ; _c17 cm. |
||
| 490 | 1 |
_aCollana di opuscoli di volgarizzazione storica ; _v1 |
|
| 830 | 0 |
_aCollana di opuscoli di volgarizzazione storica ; _v1 _9187495 |
|
| 852 |
_aES-MaACL _j1906-F-8 _bR.29276 |
||
| 999 |
_c148021 _d148021 |
||